| 000 | 00866nam a2200241 i 4500 | ||
|---|---|---|---|
| 001 | 115577 | ||
| 003 | ES-MaACL | ||
| 005 | 20250915063051.0 | ||
| 007 | t| | ||
| 008 | 070319s1918 sp ||||1| spa d | ||
| 080 | _a94(8=134.2)"1492/1600" | ||
| 100 | 1 |
_aSerrano y Sanz, Manuel, _d1868-1932 _9105809 |
|
| 245 | 1 | 0 |
_aOrígenes de la dominación española en América _b: Estudios históricos / _cpor Manuel Serrano y Sanz. |
| 260 |
_aMadrid : _bBailly-Baillière, _c1918. |
||
| 300 |
_aDCXVII p. ; _c26 cm. |
||
| 490 | 1 |
_aNueva biblioteca de autores españoles ; _v25 |
|
| 500 | _a"Tomo I" | ||
| 500 | _aNo se publicó más. | ||
| 651 | 4 |
_aAmérica española- _xHistoria- _y1492-1600 (Descubrimiento y conquista) _97724 |
|
| 830 | 0 |
_aNueva biblioteca de autores españoles ; _v25 _9186329 |
|
| 852 |
_aES-MaACL _jC-30151 |
||
| 999 |
_c115577 _d115577 |
||